<?xml version="1.0" encoding="UTF-8"?>
<record
    xmlns:xsi="http://www.w3.org/2001/XMLSchema-instance"
    xsi:schemaLocation="http://www.loc.gov/MARC21/slim http://www.loc.gov/standards/marcxml/schema/MARC21slim.xsd"
    xmlns="http://www.loc.gov/MARC21/slim">

  <leader>01646cam a2200457   4500</leader>
  <controlfield tag="001">13925</controlfield>
  <controlfield tag="003">http://catalogue.bnf.fr/ark:/12148/cb41094533s</controlfield>
  <controlfield tag="005">20250904154527.0</controlfield>
  <datafield tag="010" ind1=" " ind2=" ">
    <subfield code="a">9782952991810</subfield>
    <subfield code="d">22 EUR</subfield>
  </datafield>
  <datafield tag="020" ind1=" " ind2=" ">
    <subfield code="a">FR</subfield>
    <subfield code="b">00801132</subfield>
  </datafield>
  <datafield tag="073" ind1=" " ind2="0">
    <subfield code="a">9782952991810</subfield>
  </datafield>
  <datafield tag="090" ind1=" " ind2=" ">
    <subfield code="a">13925</subfield>
  </datafield>
  <datafield tag="099" ind1=" " ind2=" ">
    <subfield code="o">0</subfield>
  </datafield>
  <datafield tag="100" ind1=" " ind2=" ">
    <subfield code="a">20070822d2007    m  y0frey50      ba</subfield>
  </datafield>
  <datafield tag="101" ind1="0" ind2=" ">
    <subfield code="a">fre</subfield>
  </datafield>
  <datafield tag="102" ind1=" " ind2=" ">
    <subfield code="a">FR</subfield>
  </datafield>
  <datafield tag="105" ind1=" " ind2=" ">
    <subfield code="a">||||z   00|a|</subfield>
  </datafield>
  <datafield tag="181" ind1=" " ind2="0">
    <subfield code="6">01</subfield>
    <subfield code="a">i </subfield>
    <subfield code="b">xxxe  </subfield>
  </datafield>
  <datafield tag="181" ind1=" " ind2=" ">
    <subfield code="6">02</subfield>
    <subfield code="c">txt</subfield>
    <subfield code="2">rdacontent</subfield>
  </datafield>
  <datafield tag="182" ind1=" " ind2="0">
    <subfield code="6">01</subfield>
    <subfield code="a">n</subfield>
  </datafield>
  <datafield tag="182" ind1=" " ind2=" ">
    <subfield code="6">02</subfield>
    <subfield code="c">n</subfield>
    <subfield code="2">rdamedia</subfield>
  </datafield>
  <datafield tag="200" ind1="1" ind2=" ">
    <subfield code="a">La diff&#xE9;rence</subfield>
    <subfield code="b">LIVR</subfield>
  </datafield>
  <datafield tag="200" ind1="1" ind2=" ">
    <subfield code="c">Le tueur de Venise</subfield>
    <subfield code="c">P&#xF4;komeu</subfield>
  </datafield>
  <datafield tag="210" ind1=" " ind2=" ">
    <subfield code="a">Benquet</subfield>
    <subfield code="b">1048 Av. de la Chalosse, 40280</subfield>
    <subfield code="c">&#xC9;critures th&#xE9;&#xE2;trales Grand Sud-Ouest &#xE9;d.</subfield>
    <subfield code="d">impr. 2007</subfield>
    <subfield code="e">33-B&#xE8;gles</subfield>
    <subfield code="g">Impr. Ateliers graphiques de l'Ardoisi&#xE8;re</subfield>
  </datafield>
  <datafield tag="215" ind1=" " ind2=" ">
    <subfield code="a">1 vol. (228 p.)</subfield>
  </datafield>
  <datafield tag="215" ind1=" " ind2=" ">
    <subfield code="c">couv. ill.</subfield>
    <subfield code="d">23 cm</subfield>
  </datafield>
  <datafield tag="225" ind1=" " ind2=" ">
    <subfield code="a">Collection Th&#xE9;&#xE2;trale</subfield>
    <subfield code="v">volume 2</subfield>
  </datafield>
  <datafield tag="300" ind1=" " ind2=" ">
    <subfield code="a">Contient aussi : "Paroles d'hommes" / Marwil Huguet. "Destins de rues" / Philippe Vintejoux</subfield>
  </datafield>
  <datafield tag="410" ind1=" " ind2="0">
    <subfield code="0">41137732</subfield>
  </datafield>
  <datafield tag="410" ind1=" " ind2="0">
    <subfield code="t">Collection th&#xE9;&#xE2;trale (Benquet)</subfield>
    <subfield code="x">2110-1728</subfield>
    <subfield code="v">2</subfield>
  </datafield>
  <datafield tag="610" ind1=" " ind2=" ">
    <subfield code="a">Pr&#xE9;carit&#xE9;</subfield>
    <subfield code="a">Exclusion</subfield>
    <subfield code="a">Humanitaire</subfield>
    <subfield code="a">Racisme</subfield>
  </datafield>
  <datafield tag="676" ind1=" " ind2=" ">
    <subfield code="a">842.920 8</subfield>
    <subfield code="v">23</subfield>
  </datafield>
  <datafield tag="686" ind1=" " ind2=" ">
    <subfield code="a">802</subfield>
    <subfield code="2">Cadre de classement de la Bibliographie nationale fran&#xE7;aise</subfield>
  </datafield>
  <datafield tag="702" ind1=" " ind2=" ">
    <subfield code="a">Charbonnier</subfield>
    <subfield code="b">Claire-Lise</subfield>
    <subfield code="f">1933-2023</subfield>
  </datafield>
  <datafield tag="702" ind1=" " ind2=" ">
    <subfield code="a">Florensa</subfield>
    <subfield code="b">Juan Manuel</subfield>
    <subfield code="f">1940-....</subfield>
  </datafield>
  <datafield tag="702" ind1=" " ind2=" ">
    <subfield code="a">Gendarme</subfield>
    <subfield code="b">Michel</subfield>
    <subfield code="f">1957-....</subfield>
  </datafield>
  <datafield tag="702" ind1=" " ind2=" ">
    <subfield code="3">11896121</subfield>
    <subfield code="4">070</subfield>
  </datafield>
  <datafield tag="702" ind1=" " ind2=" ">
    <subfield code="3">12731131</subfield>
    <subfield code="4">070</subfield>
  </datafield>
  <datafield tag="702" ind1=" " ind2=" ">
    <subfield code="3">12276253</subfield>
    <subfield code="4">070</subfield>
  </datafield>
  <datafield tag="712" ind1="1" ind2="1">
    <subfield code="3">15576250</subfield>
    <subfield code="a">&#xC9;critures th&#xE9;&#xE2;trales Grand Sud-Ouest</subfield>
    <subfield code="4">340</subfield>
  </datafield>
  <datafield tag="801" ind1=" " ind2="0">
    <subfield code="a">FR</subfield>
    <subfield code="b">FR-751131015</subfield>
    <subfield code="c">20070822</subfield>
    <subfield code="g">AFNOR</subfield>
    <subfield code="h">FRBNF410945330000005</subfield>
  </datafield>
  <datafield tag="995" ind1=" " ind2=" ">
    <subfield code="2">0</subfield>
    <subfield code="5">2025-09-04</subfield>
    <subfield code="9">13816</subfield>
    <subfield code="c">JOL</subfield>
    <subfield code="f">JOL-007624</subfield>
    <subfield code="k">TH COLL X</subfield>
    <subfield code="o">0</subfield>
    <subfield code="b">JOL</subfield>
    <subfield code="r">LIVR</subfield>
  </datafield>
</record>
